000 00917cam a22002777a 4500
999 _c246
_d246
001 002154831
003 DLC
005 20190802111030.0
008 110706s2011 onca b 001 0 eng
010 _a2010680982
020 _a9781906523855
035 _a(OCoLC)ocn671530608
040 _aNLC
_beng
_cNLC
_dCDX
_dVP@
_dDLC
042 _anbic
082 _a304.2 CHI
100 1 _aChivers, Danny.
_eauthor
245 1 4 _aThe no-nonsense guide to climate change :
_bthe science, the solutions, the way forward /
_cDanny Chivers.
246 3 0 _aClimate change.
260 _aToronto :
_bNew Internationalist / BTL,
_c[2011]
300 _a207 p. :
_bill. ;
_c18 cm.
490 0 _aThe no-nonsense guides.
500 _aNew ed. with a new author ; previous 2nd ed. authored by Dinyar Godrej.
504 _aIncludes bibliographical references (p. 197-200) and index.
650 0 _aClimatic changes.
942 _2ddc
_cNFIC